000 00352nam a2200169Ia 4500
100 _aJain/Alok
650 _aPower electronics
250 _a2
942 _cBK
366 _f25
245 _aPower electronics and its applications
260 _bPenram
_c2008
082 _a621.317
_bJAI
300 _a489
546 _aENGLISH
_cTTL
999 _c27253
_d27253